Baby Steps to Big Dream: (Record no. 204710)

MARC details
000 -LEADER
fixed length control field 00764 a2200229 4500
005 - DATE AND TIME OF LATEST TRANSACTION
control field 20240802113438.0
008 - FIXED-LENGTH DATA ELEMENTS--GENERAL INFORMATION
fixed length control field 080819t xxu||||| |||| 00| 0 eng d
010 ## - LCCN (DPL NO)
LC control number ENG-141131
020 ## - INTERNATIONAL STANDARD BOOK NUMBER
International Standard Book Number 9788196332945
Terms of availability 495.00
035 ## - SYSTEM CONTROL NUMBER
System control number EN-124663
037 ## - SOURCE OF ACQUISITION
Source of stock number/acquisition DBAD
040 ## - CATALOGING SOURCE
Original cataloging agency dpl
Language of cataloging English
082 ## - DEWEY DECIMAL CLASSIFICATION NUMBER
Classification number 306.874
Edition number 1
100 ## - MAIN ENTRY--PERSONAL NAME
Personal name Shroff, Manjula Pooja
9 (RLIN) 69274
245 ## - TITLE STATEMENT
Title Baby Steps to Big Dream:
Remainder of title Essential Conversations For Modern Parents/
Statement of responsibility, etc By Manjula Pooja Shroff
250 ## - EDITION STATEMENT
Edition statement 1
260 ## - PUBLICATION, DISTRIBUTION, ETC. (IMPRINT)
Place of publication, distribution, etc New Delhi
Name of publisher, distributor, etc Vitasta Publishing
Date of publication, distribution, etc 2023
270 ## - ADDRESS
Address 2/15, Ist Floor, Ansari Road, Darya Ganj
City New Delhi
State or province Delhi
Postal code 110002
300 ## - PHYSICAL DESCRIPTION
Extent xxi,225p.
Dimensions 20cm(Hb)
650 ## - SUBJECT ADDED ENTRY--TOPICAL TERM
Topical term or geographic name as entry element Biography
General subdivision political
9 (RLIN) 69275
942 ## - ADDED ENTRY ELEMENTS (KOHA)
Institution code [OBSOLETE] dpl
Item type English Books
Source of classification or shelving scheme Dewey Decimal Classification
Classification part 306.874
Call number suffix SHR
Edition 1
Holdings
Withdrawn status Lost status Source of classification or shelving scheme Damaged status Not for loan Collection code Home library Current library Date acquired Source of acquisition Cost, normal purchase price Total Checkouts Full call number Barcode Date last seen Copy number Cost, replacement price Koha item type
    Dewey Decimal Classification     Non-fiction Sarojini Nagar Sarojini Nagar 02/08/2024 Delivery of Books Act Division 495.00   306.874 SHR EN-124663 02/08/2024 1 495.00 English Books

© Delhi Public Library
Hit Counter
free hit counter